Online Public Access Catalog -OPAC

Textbook of clinical psychiatry: (Record no. 27090)

MARC details
000 -LEADER
fixed length control field 00678nam a2200193Ia 4500
008 - FIXED-LENGTH DATA ELEMENTS--GENERAL INFORMATION
fixed length control field 1976 gf a 1 a dd
020 ## - INTERNATIONAL STANDARD BOOK NUMBER
International Standard Book Number 397520727
040 ## - CATALOGING SOURCE
Original cataloging agency Ahmadu Bello University Library - Zaria
050 ## - LIBRARY OF CONGRESS CALL NUMBER
Classification number RC 454
100 ## - MAIN ENTRY--PERSONAL NAME
Personal name Chapman, A. H.
245 #0 - TITLE STATEMENT
Title Textbook of clinical psychiatry:
Remainder of title an interpersonal approach.
Statement of responsibility, etc. by A.H.Chapman , John M. Davis & Elza M. Almeida
250 ## - EDITION STATEMENT
Edition statement \\
-- 2nd. edition
260 ## - PUBLICATION, DISTRIBUTION, ETC.
Place of publication, distribution, etc. Philadelphia
Name of publisher, distributor, etc. J. B. Lippincott
Date of publication, distribution, etc. 1976
300 ## - PHYSICAL DESCRIPTION
Extent xii,524p.
504 ## - BIBLIOGRAPHY, ETC. NOTE
Bibliography, etc. note Includes Bibliographical References and Index
650 ## - SUBJECT ADDED ENTRY--TOPICAL TERM
Topical term or geographic name entry element Psychiatry.
700 ## - ADDED ENTRY--PERSONAL NAME
Personal name Davis, John M.;Almeida, Elza M.

No items available.

Customized by ICT Technical Service Unit on 29th Dec 2022

Kashim Ibrahim Library